Estadísticas para Nombra un país válido #5

Haz click aquí para tomar la prueba!

Estadísticas generales

  • Esta prueba ha sido tomada 1.408 veces
    (1.398 desde el último reinicio)
  • La puntuación promedio es 14 de 20

Estadísticas de respuestas

Nombra un país ...Respuesta% Correcto
que ha ganado una Copa Mundial de la FIFAAlemania | Argentina | Brasil | España | Francia | Inglaterra | Italia | Uruguay
99%
cuyo nombre comienza con YYemen | Yibuti
96%
que limita con TúnezArgelia | Libia
93%
con más de 100 millones de personas y en ÁfricaEgipto | Etiopía | Nigeria
90%
en las Américas que no bordea el AtlánticoBolivia | Chile | Ecuador | El Salvador | Paraguay | Perú
88%
con territorio en al menos 5 de los 6 continentes habitadosFrancia | Reino Unido
86%
cuya bandera es al menos ⅔ verdeArabia Saudita | Bangladés | Brasil | Nigeria | Pakistán | Turkmenistán | Zambia
82%
que ha registrado una temperatura de al menos 52 ° C
(sólo registros confiables)
Arabia Saudita | Estados Unidos | Irak | Irán | Kuwait | México | Pakistán
76%
cuya capital tiene una elevación de más de 2000 metrosBolivia | Bután | Colombia | Ecuador | Eritrea | Etiopía | México | Yemen
73%
mayor en área, pero menor en población que ArgeliaAustralia | Canadá | Kazajistán
72%
que es una monarquía, y en ÁfricaLesoto | Marruecos | Suazilandia
66%
que es parte de las Antillas MenoresAntigua y Barbuda | Barbados | Dominica | Granada | San Cristóbal y Nieves | Santa Lucía | San Vicente y las Granadinas | Trinidad y Tobago
63%
con más de 80 millones de personas, pero no tiene McDonald'sBangladés | Etiopía | Irán | Nigeria | República Democrática del Congo
60%
con una Q en su nombreEslovaquia | Mozambique | Turquía
59%
cuyas regiones se conocen como "oblasts"Bielorrusia | Bulgaria | Kazajistán | Kirguistán | Rusia | Ucrania
58%
que produce más de 2.000 toneladas de plata al añoChina | México | Perú
56%
que tiene más caballos que personasMongolia
55%
que es menos del 0.1% de bosque (excluyendo micronaciones)Catar | Egipto | Omán
55%
cuyos residentes pueden visitar menos de cincuenta países sin visaAfganistán | Irak | Libia | Pakistán | Somalia | Siria | Sudán | Yemen
53%
cuya capital oficial ha cambiado desde 1991Burundi | Kazajistán | Myanmar | Nigeria | Palaos | Tanzania
41%

Distribución de puntuación

Porcentaje por número respondido

Porcentaje de gente con cada puntuación

Historial de tus puntuaciones

No has tomado esta prueba desde el último reinicio